Harry Styles Discography - Statistics

General Stats
  • This quiz has been taken 787 times
  • The average score is 12 of 14
Answer Stats
Year Album % Correct
2019 Fine Line
96%
2017 Harry Styles
94%
2014 Four
92%
2013 Midnight Memories
92%
2015 Made In The A.M
90%
2011 Up All Night
90%
2017 Sign of the Times
89%
2012 Take Me Home
88%
2019 Watermelon Sugar
86%
2019 Adore You
81%
2017 Kiwi
80%
2019 Lights up
73%
2017 Sweet Creature
69%
2017 Two Ghosts
68%
No matching quizzes found
Score Distribution
Percent of People with Each Score
Percentile by Number Answered
Your Score History
You have not taken this quiz